000 01882cam a2200373 i 4500
001 17597759
003 OSt
005 20240220102637.0
008 130122s2013 enk b 001 0 eng
010 _a 2013001756
020 _a9780415693301 (hardback)
020 _a9780415693318 (pb)
020 _z9780203743867 (ebook)
040 _aDLC
_beng
_cDLC
_erda
_dDLC
042 _apcc
050 0 0 _aB2430.F724
_bF584 2013
082 0 0 _a720.1
_223
_bFON
084 _aARC000000
_aARC001000
_aPHI000000
_2bisacsh
100 1 _aFontana-Giusti, Gordana,
_eauthor.
_9120769
245 1 0 _aFoucault for architects /
_cGordana Fontana-Giusti.
260 _aLondon:
_bRoutledge;
_c2013.
300 _axii, 181 pages ;
_c22 cm.
490 0 _aThinkers for architects
504 _aIncludes bibliographical references (pages 165-174) index.
520 _a"Offering an excellent entry point into the remarkable work of Michel Foucault, this book provides a focused overture suitable for architects, designers, urban designers, students of architectural design and related histories and theories. Michel Foucault has had a significant impact on various aspects of architecture and its critical discourse. This book focuses on a number of subject areas, historical and theoretical issues addressed by Foucault that have been relevant for architectural knowledge, its history and its practice. "--
600 1 0 _aFoucault, Michel,
_d1926-1984.
_9120770
650 0 _aArchitecture
_xPhilosophy.
_99547
650 7 _aARCHITECTURE / General.
_2bisacsh
_930312
650 7 _aARCHITECTURE / Criticism.
_2bisacsh
_9120771
650 7 _aPHILOSOPHY / General.
_2bisacsh
_914119
906 _a7
_bcbc
_corignew
_d1
_eecip
_f20
_gy-gencatlg
942 _2ddc
_cBK
_aSADA
_k720.1 FON 2013
999 _c607877
_d607877